Normal view
MARC view
- Khan,Saman Rukh
Entry Personal Name
001 - CONTROL NUMBER
- control field: 5217
003 - CONTROL NUMBER IDENTIFIER
- control field: NUST
005 - DATE AND TIME OF LATEST TRANSACTION
- control field: 20171004120142.0
008 - FIXED-LENGTH DATA ELEMENTS
- fixed length control field: 171004|| aca||aabn | a|a d
040 ## - CATALOGING SOURCE
- Original cataloging agency: NUST
- Transcribing agency: NUST
100 ## - HEADING--PERSONAL NAME
- Personal name: Khan,Saman Rukh
670 ## - SOURCE DATA FOUND
- Source citation: Work cat.: (NUST): Khan,Saman Rukh, The effect of online political ads on facebook users' turnout in general election 2013, 2014
